000 01243njm a22002777a 4500
005 20100901115333.0
006 a|||||r|||||00| 0
007 sd ammalaaahaa
008 100901t xxu||||| |||| 00| 0 eng d
028 _aN 55657
_bHis Master's Voice
035 _aGR-01792
040 _aSED
_cSED
100 _aMohammad Rafi
_917891
245 _aAbhilasha /
_cby Mohammad Rafi [and] Manna Dey ; music by Rahur Dev Burman ; lyrices by Majrooh
_h[Sound recording]
246 _aअभिलाषा / मोहम्मद रफ़ी
260 _aDUM DUM, India
_bHis Master's Voice
_c1968
300 _a1 Sound disc [Gramophone Recording] :
_banalog, 33 1/3 rpm
_c9.5 in. (MP)
_fGramophone Record
500 _aBrief record
505 _aSide-1 एक जानिब सहमे महफ़िल (Ak janib shame mahfil) (Mohammad Rafi [and] Manna Dey) --Side-2 प्यार हुआ है जबसे (Pyar huaa hae jabse) (Lata Mangeshkar & Kishore Kumar)
650 _aClassical music
_xExcerpts
_zIndia
_917892
700 _aDey, Manna
_919150
700 _aBurman, Rahul Dev
_919481
700 _aMajrooh
_919099
942 _2ddc
_cGR
999 _c45122
_d45122